<?xml version="1.0" encoding="UTF-8"?>
<marc:record xmlns:marc="http://www.loc.gov/MARC21/slim">
   <marc:leader>00000nam a2200000 a 4500</marc:leader>
   <marc:datafield ind1="1" ind2=" " tag="100">
      <marc:subfield code="a">Wagner, Elisabeth</marc:subfield>
      <marc:subfield code="4">aut</marc:subfield>
      <marc:subfield code="e">Verfasser/-in</marc:subfield>
   </marc:datafield>
   <marc:datafield ind1="0" ind2="0" tag="245">
      <marc:subfield code="a">Im klingenden Märchenwald</marc:subfield>
   </marc:datafield>
   <marc:datafield ind1="0" ind2="0" tag="245">
      <marc:subfield code="b">Klanggeschichten, Lieder und Tänze zu bekannten Märchen</marc:subfield>
   </marc:datafield>
   <marc:datafield ind1="0" ind2="0" tag="245">
      <marc:subfield code="c">Elisabeth Wagner</marc:subfield>
   </marc:datafield>
   <marc:datafield ind1=" " ind2="1" tag="264">
      <marc:subfield code="a">München</marc:subfield>
      <marc:subfield code="b">Don Bosco Medien</marc:subfield>
      <marc:subfield code="c">2009</marc:subfield>
   </marc:datafield>
   <marc:datafield ind1="1" ind2=" " tag="520">
      <marc:subfield code="a">Welche/r begeisterte MärchenerzählerIn hat sich nicht schon längst Lieder zu den gängigsten Märchen gewünscht? Die Autorin und der Komponist, beide aus Wels in Oberösterreich, haben hier sicherlich eine Marktlücke in der Kleinkindpädagogik entdeckt und füllen diese ausgesprochen professionell. Zu zehn traditionellen Märchen gibt es nicht nur neue Lieder, sondern auch Klanggeschichten und Bewegungsanleitungen. Die Lieder sind alle sehr gelungen und im Stil traditioneller Kinderlieder verfasst. Die beiliegende CD ist entsprechend gut produziert. In der Einspielung sind ausschließlich akustische Instrumente und natürliche, nicht überbildete Kinderstimmen zu hören. Um die musikalische Ausführung zu erleichtern, sind sowohl die zu verwendenden Schlaginstrumente als auch die Bewegungsabläufe klar und verständlich beschrieben. Für alle, die ausschließlich die CD verwenden, wiegt das Manko etlicher Druckfehlern im Notensatz nicht schwer. Alles in allem: Eine für die Kindergartenpraxis durchaus brauchbare Neuerscheinung mit vielen Anregungen!</marc:subfield>
   </marc:datafield>
   <marc:datafield ind1=" " ind2=" " tag="020">
      <marc:subfield code="a">9783769817232</marc:subfield>
      <marc:subfield code="9">9783769817232</marc:subfield>
   </marc:datafield>
   <marc:datafield ind1=" " ind2=" " tag="300">
      <marc:subfield code="a">96 S.</marc:subfield>
   </marc:datafield>
</marc:record>
